[Event "Sachsen-Anhalt Landesliga-A 1920"]
[Site "Sachsen Anhalt"]
[Date "2020.03.01"]
[Round "7.1"]
[White "Hamm, Georg"]
[Black "Bauer, Burkhardt"]
[Result "1/2-1/2"]
[WhiteElo "1956"]
[BlackElo "1944"]
[PlyCount "21"]
[EventDate "2019.09.29"]
[EventType "team-tourn"]
[EventRounds "9"]
[EventCountry "GER"]
[SourceTitle "EXT 2023"]
[Source "ChessBase"]
[SourceDate "2022.10.05"]
[SourceVersion "1"]
[SourceVersionDate "2022.10.05"]
[SourceQuality "1"]
[WhiteTeam "Calbe TSG"]
[BlackTeam "Bernburg Aufbau"]
[WhiteTeamCountry "GER"]
[BlackTeamCountry "GER"]

1. g3 d5 2. Bg2 Nf6 3. Nf3 Bf5 4. d3 h6 5. Nbd2 e6 6. 0-0 Be7 7. c3 c6 8. Re1 0-0 9. b3 Bh7 10. Bb2 a5 11. Ne5 1/2-1/2

[Event "Sachsen-Anhalt Landesliga-A 1920"]
[Site "Sachsen Anhalt"]
[Date "2019.11.17"]
[Round "3.5"]
[White "Bauer, Burkhardt"]
[Black "Wiesemann, Gerd"]
[Result "1-0"]
[WhiteElo "1944"]
[BlackElo "1978"]
[PlyCount "125"]
[EventDate "2019.09.29"]
[EventType "team-tourn"]
[EventRounds "9"]
[EventCountry "GER"]
[SourceTitle "EXT 2023"]
[Source "ChessBase"]
[SourceDate "2022.10.05"]
[SourceVersion "1"]
[SourceVersionDate "2022.10.05"]
[SourceQuality "1"]
[WhiteTeam "Bernburg Aufbau"]
[BlackTeam "Tangerhuette Eintracht"]
[WhiteTeamCountry "GER"]
[BlackTeamCountry "GER"]

1. e4 c5 2. f4 e6 3. Nf3 d5 4. Nc3 Nc6 5. d3 Nf6 6. g3 dxe4 7. Nxe4 Nxe4 8. dxe4 Qxd1+ 9. Kxd1 Be7 10. c3 0-0 11. Be3 b6 12. Bg2 Bb7 13. Kc2 Na5 14. Nd2 Rfd8 15. Rhd1 Rac8 16. b3 Kf8 17. Nf1 Ke8 18. Rxd8+ Rxd8 19. Rd1 Bc6 20. Rxd8+ Kxd8 21. Nd2 Kc7 22. Bf3 Nb7 23. e5 Na5 24. Bxc6 Kxc6 25. Kd3 b5 26. c4 a6 27. h3 Nb7 28. Ne4 Bd8 29. Bd2 Be7 30. Be3 Nd8 31. Bd2 Kb6 32. Bc3 Nc6 33. Nd2 g5 34. Nf3 gxf4 35. gxf4 h5 36. Be1 a5 37. cxb5 Kxb5 38. a4+ Kb6 39. Kc4 Nb8 40. Nd2 Nd7 41. Kd3 Ka6 42. Nc4 Bd8 43. Ke4 Bc7 44. f5 Nb8 45. Bf2 Nd7 46. Be1 Nb8 47. Bc3 Nd7 48. Kf4 Nf8 49. Kg5 exf5 50. Kxf5 Ne6 51. Kf6 Nf4 52. Kxf7 Nxh3 53. Bd2 h4 54. e6 Bd8 55. Ne5 Ng5+ 56. Bxg5 Bxg5 57. e7 Bxe7 58. Kxe7 h3 59. Nf3 Kb7 60. Kd7 Kb8 61. Kc6 Kc8 62. Kxc5 Kd7 63. Kb5 1-0

[Event "Sachsen-Anhalt Landesliga A 18/19"]
[Site "Sachsen Anhalt"]
[Date "2019.03.24"]
[Round "8.3"]
[White "Bauer, Burkhardt"]
[Black "Hoffmann, Eberhard"]
[Result "1/2-1/2"]
[WhiteElo "2070"]
[BlackElo "1946"]
[PlyCount "22"]
[EventDate "2018.09.23"]
[EventType "team-tourn"]
[EventRounds "9"]
[EventCountry "GER"]
[SourceTitle "EXT 2022"]
[Source "ChessBase"]
[SourceDate "2021.10.06"]
[SourceVersion "1"]
[SourceVersionDate "2021.10.06"]
[SourceQuality "1"]
[WhiteTeam "Bernburg Aufbau"]
[BlackTeam "Magdeburg SC Norbertus"]
[WhiteTeamCountry "GER"]
[BlackTeamCountry "GER"]

1. d4 Nf6 2. Nf3 d5 3. Bg5 Ne4 4. Bh4 c5 5. c3 Qb6 6. Qb3 c4 7. Qxb6 axb6 8. Nbd2 Bf5 9. Nxe4 Bxe4 10. Nd2 Bg6 11. f3 Nc6 1/2-1/2

[Event "Sachsen-Anhalt Landesliga A 18/19"]
[Site "Sachsen Anhalt"]
[Date "2019.02.03"]
[Round "6.3"]
[White "Grochulla, Alexander"]
[Black "Bauer, Burkhardt"]
[Result "1/2-1/2"]
[WhiteElo "1701"]
[BlackElo "2070"]
[PlyCount "93"]
[EventDate "2018.09.23"]
[EventType "team-tourn"]
[EventRounds "9"]
[EventCountry "GER"]
[SourceTitle "EXT 2022"]
[Source "ChessBase"]
[SourceDate "2021.10.06"]
[SourceVersion "1"]
[SourceVersionDate "2021.10.06"]
[SourceQuality "1"]
[WhiteTeam "Gardelegen"]
[BlackTeam "Bernburg Aufbau"]
[WhiteTeamCountry "GER"]
[BlackTeamCountry "GER"]

1. e4 c5 2. Nf3 Nc6 3. Nc3 e6 4. d4 cxd4 5. Nxd4 a6 6. Nxc6 bxc6 7. Bd3 e5 8. Bc4 Nf6 9. a3 Be7 10. 0-0 0-0 11. Qd3 d6 12. Rd1 Kh8 13. f3 Ne8 14. Be3 Bb7 15. Na4 h6 16. Qb3 Bc8 17. Bxf7 Bg5 18. Bxe8 Rxe8 19. Qd3 Be7 20. Nb6 Rb8 21. Nxc8 Qxc8 22. b3 Qb7 23. b4 Red8 24. c3 Ra8 25. Rab1 Rd7 26. a4 Rb8 27. a5 Ra8 28. Rd2 Bf8 29. Rbd1 Qb5 30. Bb6 Qxd3 31. Rxd3 Rb7 32. Kf2 Kg8 33. g3 Kf7 34. Kg2 Ke6 35. Be3 Rc8 36. Bb6 Rd7 37. c4 Rf7 38. R1d2 Rb8 39. c5 Rd7 40. cxd6 Rxd6 41. Rxd6+ Bxd6 42. Rc2 Kd7 43. Rd2 Ke6 44. Rc2 Kd7 45. Rc4 Rf8 46. Kf2 g5 47. Ke3 1/2-1/2

[Event "GER-chT Laender Seniors 65+"]
[Site "Templin"]
[Date "2018.09.12"]
[Round "3.2"]
[White "Gruzmann, Boris"]
[Black "Bauer, Burkhardt"]
[Result "1-0"]
[WhiteElo "2209"]
[BlackElo "2083"]
[PlyCount "49"]
[EventDate "2018.09.10"]
[EventType "team-swiss"]
[EventRounds "7"]
[EventCountry "GER"]
[SourceTitle "EXT 2020"]
[Source "ChessBase"]
[SourceDate "2019.10.17"]
[SourceVersion "1"]
[SourceVersionDate "2019.10.17"]
[SourceQuality "1"]
[WhiteTeam "Schleswig Holstein"]
[BlackTeam "Sachsen Anhalt"]
[WhiteTeamCountry "GER"]
[BlackTeamCountry "GER"]

1. e4 c5 2. Nf3 e6 3. d4 cxd4 4. Nxd4 Nc6 5. Nc3 a6 6. Nb3 Qc7 7. f4 d6 8. Bd3 Nf6 9. 0-0 Be7 10. Kh1 b5 11. Qf3 Bb7 12. Bd2 0-0 13. Rae1 b4 14. Nd1 e5 15. f5 a5 16. Be3 a4 17. Nd2 Nd4 18. Bxd4 exd4 19. Qh3 Nd7 20. f6 Nxf6 21. Rxf6 Bxf6 22. e5 g6 23. exf6 h5 24. Re7 Qb6 25. Bxg6 1-0

[Event "WchT Seniors 50"]
[Site "Radebeul"]
[Date "2016.07.03"]
[Round "8.21"]
[White "Kracht, Helmut"]
[Black "Bauer, Burkhardt"]
[Result "1/2-1/2"]
[WhiteElo "2022"]
[BlackElo "2056"]
[PlyCount "37"]
[EventDate "2016.06.26"]
[EventType "team-swiss"]
[EventRounds "9"]
[EventCountry "GER"]
[SourceTitle "CBM 173 Extra"]
[Source "ChessBase"]
[SourceDate "2016.08.29"]
[SourceVersion "1"]
[SourceVersionDate "2016.08.29"]
[SourceQuality "1"]
[WhiteTeam "Kaltenkirchen"]
[BlackTeam "Bernburg"]
[WhiteTeamCountry "GER"]
[BlackTeamCountry "GER"]

1. e4 c5 2. Nc3 e6 3. f4 Nc6 4. Nf3 d6 5. g3 Nf6 6. Bg2 Be7 7. 0-0 0-0 8. d3 Rb8 9. e5 Ne8 10. exd6 Nxd6 11. Ne4 b6 12. Nfg5 Nb4 13. Qe2 h6 14. Nf3 Bb7 15. a3 Nd5 16. Ne5 Qc8 17. Bd2 Nf6 18. Nxd6 Bxd6 19. Rad1 1/2-1/2

[Event "WchT Seniors 50"]
[Site "Radebeul"]
[Date "2016.06.29"]
[Round "4.1"]
[White "Rorvik, Jon Fredrik"]
[Black "Bauer, Burkhardt"]
[Result "1-0"]
[WhiteElo "2145"]
[BlackElo "2056"]
[PlyCount "63"]
[EventDate "2016.06.26"]
[EventType "team-swiss"]
[EventRounds "9"]
[EventCountry "GER"]
[SourceTitle "CBM 173 Extra"]
[Source "ChessBase"]
[SourceDate "2016.08.29"]
[SourceVersion "1"]
[SourceVersionDate "2016.08.29"]
[SourceQuality "1"]
[WhiteTeam "Norway Mix"]
[BlackTeam "Bernburg"]
[WhiteTeamCountry "NOR"]
[BlackTeamCountry "GER"]

1. c4 f5 2. Nc3 Nf6 3. g3 g6 4. Bg2 Bg7 5. d4 d6 6. e3 0-0 7. Nge2 c6 8. 0-0 Qe8 9. b3 e5 10. Ba3 exd4 11. Nxd4 Qe7 12. Qd2 Rd8 13. Rad1 Ne8 14. Rfe1 Qc7 15. e4 Qa5 16. Bb2 Na6 17. a3 Qc7 18. exf5 gxf5 19. Qg5 h6 20. Qd2 Qf7 21. Nd5 Kf8 22. Nf4 Nac7 23. Bf3 Nf6 24. Qc2 d5 25. Nxf5 Bxf5 26. Qxf5 Re8 27. Rxe8+ Rxe8 28. cxd5 Nfxd5 29. Bxg7+ Kxg7 30. Qxf7+ Kxf7 31. Nxd5 cxd5 32. Bh5+ 1-0

[Event "Sachsen-Anhalt-ch Seniors 24th"]
[Site "Halberstadt"]
[Date "2016.06.02"]
[Round "5"]
[White "Bauer, Burkhardt"]
[Black "Knaak, Joachim"]
[Result "1/2-1/2"]
[WhiteElo "2056"]
[BlackElo "2134"]
[PlyCount "97"]
[EventDate "2016.05.29"]
[EventType "swiss"]
[EventRounds "7"]
[EventCountry "GER"]
[SourceTitle "EXT 2019"]
[Source "ChessBase"]
[SourceDate "2018.10.10"]
[SourceVersion "1"]
[SourceVersionDate "2018.10.10"]
[SourceQuality "1"]

1. d4 d5 2. Bf4 c6 3. e3 e6 4. Nd2 Bd6 5. Bxd6 Qxd6 6. Qg4 Kf8 7. Qg3 Qxg3 8. hxg3 Nf6 9. Bd3 Nbd7 10. Ngf3 g6 11. c4 Kg7 12. 0-0 Re8 13. e4 dxe4 14. Nxe4 Nxe4 15. Bxe4 e5 16. dxe5 Nxe5 17. Nxe5 Rxe5 18. Rfe1 Bg4 19. f3 Rae8 20. Kf2 Bc8 21. Bd3 Kf6 22. Rxe5 Rxe5 23. Rh1 h5 24. b4 c5 25. a3 Re7 26. Rd1 Rc7 27. b5 Be6 28. Be2 Rd7 29. Rxd7 Bxd7 30. Ke3 Bf5 31. f4 b6 32. Bf3 Be6 33. Be2 Kf5 34. Bd3+ Kf6 35. Be2 Bc8 36. Bf3 Bf5 37. Be2 Bc2 38. Bf3 Kf5 39. Bc6 Kg4 40. Kf2 Kf5 41. Ke3 Kg4 42. Kf2 h4 43. Bf3+ Kf5 44. gxh4 Kxf4 45. g3+ Ke5 46. Ke3 Bf5 47. Be2 Be6 48. Bd3 Bg4 49. Bf1 1/2-1/2

[Event "GER-chA Seniors 27th"]
[Site "Magdeburg"]
[Date "2015.08.17"]
[Round "3"]
[White "Bauer, Burkhardt"]
[Black "Clemens, Christian"]
[Result "0-1"]
[WhiteElo "2042"]
[BlackElo "2240"]
[PlyCount "65"]
[EventDate "2015.08.15"]
[EventType "swiss"]
[EventRounds "9"]
[EventCountry "GER"]
[SourceTitle "EXT 2018"]
[Source "ChessBase"]
[SourceDate "2017.10.13"]
[SourceVersion "1"]
[SourceVersionDate "2017.10.13"]
[SourceQuality "1"]

1. d4 f5 2. Bf4 Nf6 3. e3 e6 4. Nf3 d6 5. c4 g6 6. Nc3 Bg7 7. h3 Qe7 8. Be2 Nc6 9. Bh2 e5 10. Qa4 Bd7 11. Qa3 Ne4 12. Nd5 Qd8 13. Rd1 0-0 14. 0-0 Re8 15. Rfe1 b6 16. dxe5 Nxe5 17. Nxe5 Bxe5 18. Bxe5 Rxe5 19. Qd3 Rc8 20. Qd4 Kf7 21. b4 Ba4 22. Rd3 Bc6 23. f4 Re6 24. Bf3 Bb7 25. Qb2 Qe8 26. g4 c6 27. gxf5 gxf5 28. Bh5+ Rg6+ 29. Bxg6+ hxg6 30. Nc3 Rb8 31. Kh2 c5 32. bxc5 Qh8 33. Rg1 0-1

[Event "GER-chA Seniors 27th"]
[Site "Magdeburg"]
[Date "2015.08.16"]
[Round "2"]
[White "Reinke, Kurt"]
[Black "Bauer, Burkhardt"]
[Result "0-1"]
[WhiteElo "1906"]
[BlackElo "2042"]
[PlyCount "39"]
[EventDate "2015.08.15"]
[EventType "swiss"]
[EventRounds "9"]
[EventCountry "GER"]
[SourceTitle "EXT 2018"]
[Source "ChessBase"]
[SourceDate "2017.10.13"]
[SourceVersion "1"]
[SourceVersionDate "2017.10.13"]
[SourceQuality "1"]

1. e4 g6 2. d4 Bg7 3. c4 d6 4. Nc3 Nf6 5. f3 0-0 6. g4 Nc6 7. Nge2 e5 8. Be3 Bxg4 9. fxg4 Nxg4 10. Qd2 Nxe3 11. Qxe3 exd4 12. Qg1 dxc3 13. Nxc3 Qh4+ 14. Qg3 Bxc3+ 15. bxc3 Qxe4+ 16. Be2 Qxh1+ 17. Bf1 Qe4+ 18. Kd2 Rae8 19. Bd3 Qe5 20. Qg1 0-1

[Event "GER-chT Seniors 23rd"]
[Site "Bergen"]
[Date "2014.09.07"]
[Round "7.1"]
[White "Welz, Peter"]
[Black "Bauer, Burkhardt"]
[Result "1/2-1/2"]
[WhiteElo "2081"]
[BlackElo "2061"]
[PlyCount "86"]
[EventDate "2014.09.01"]
[EventType "team-swiss"]
[EventRounds "7"]
[EventCountry "GER"]
[SourceTitle "EXT 2018"]
[Source "ChessBase"]
[SourceDate "2017.10.13"]
[SourceVersion "1"]
[SourceVersionDate "2017.10.13"]
[SourceQuality "1"]

1. e4 c5 2. Nc3 e6 3. g3 Nc6 4. Bg2 g6 5. d3 Bg7 6. Be3 d6 7. Qd2 Qa5 8. Nge2 Nge7 9. 0-0 Nd4 10. Nc1 0-0 11. Nb3 Qa6 12. Rac1 Bd7 13. Bh6 Rac8 14. Bxg7 Kxg7 15. f4 f5 16. Qe3 Nb5 17. Nxb5 Qxb5 18. c4 Qa4 19. d4 b6 20. d5 exd5 21. exd5 Ng8 22. Qc3+ Kf7 23. a3 Nf6 24. Rfe1 Rfe8 25. h3 Rxe1+ 26. Rxe1 Re8 27. Rxe8 Bxe8 28. Bf3 Qd7 29. Nd2 Qe7 30. Kf2 a5 31. g4 Kg8 32. g5 Nd7 33. h4 Qg7 34. Qe3 Kf8 35. b3 Qb2 36. Kg3 Bf7 37. a4 Nb8 38. h5 Na6 39. hxg6 hxg6 40. Bg2 Nb4 41. Nf3 Na2 42. Bh3 Nc1 43. Nd2 Na2 1/2-1/2

[Event "Sachsen-Anhalt-ch Seniors 22nd"]
[Site "Halberstadt"]
[Date "2014.05.28"]
[Round "4"]
[White "Kluger, Hans Peter"]
[Black "Bauer, Burkhardt"]
[Result "0-1"]
[WhiteElo "1777"]
[BlackElo "1939"]
[PlyCount "116"]
[EventDate "2014.05.25"]
[EventType "swiss"]
[EventRounds "7"]
[EventCountry "GER"]
[SourceTitle "EXT 2018"]
[Source "ChessBase"]
[SourceDate "2017.10.13"]
[SourceVersion "1"]
[SourceVersionDate "2017.10.13"]
[SourceQuality "1"]

1. d4 Nf6 2. c4 e6 3. a3 b6 4. Nc3 Bb7 5. Bg5 Be7 6. Bxf6 Bxf6 7. e4 e5 8. d5 d6 9. Bd3 Nd7 10. b4 a5 11. Nge2 0-0 12. 0-0 g6 13. f4 exf4 14. bxa5 Rxa5 15. Rxf4 Be5 16. Rf3 Nc5 17. Bc2 Ba6 18. Nd4 Bb7 19. Ra2 Qh4 20. Rh3 Qf6 21. Nce2 Rfa8 22. Rf3 Qg7 23. Nb5 Rc8 24. Nbd4 Raa8 25. Nb3 Nxb3 26. Bxb3 Ra5 27. Nc1 Rca8 28. a4 Bc8 29. h3 h5 30. Nd3 Bd4+ 31. Kh1 Bg4 32. Qf1 Bxf3 33. gxf3 Rf8 34. Rg2 Raa8 35. Nf4 Qh6 36. Ne2 Qe3 37. Bc2 Be5 38. Qg1 Qxf3 39. Qf2 Qxh3+ 40. Kg1 Rae8 41. Nf4 Bxf4 42. Qxf4 Re5 43. Qf6 Qe3+ 44. Kh2 Qh6 45. Kh3 Qg7 46. Qf3 f6 47. Qg3 Rg5 48. Qa3 Qd7+ 49. Kh2 Rxg2+ 50. Kxg2 Qg4+ 51. Kf2 h4 52. Qc1 Kg7 53. Qh1 Qg3+ 54. Kf1 Rh8 55. Bd1 h3 56. Bf3 Rh4 57. Ke2 h2 58. Kf1 Rf4 0-1

[Event "Sachsen-Anhalt-ch Seniors 22nd"]
[Site "Halberstadt"]
[Date "2014.05.26"]
[Round "2"]
[White "Neese, Hans Joachim"]
[Black "Bauer, Burkhardt"]
[Result "1-0"]
[WhiteElo "2051"]
[BlackElo "1939"]
[PlyCount "103"]
[EventDate "2014.05.25"]
[EventType "swiss"]
[EventRounds "7"]
[EventCountry "GER"]
[SourceTitle "EXT 2018"]
[Source "ChessBase"]
[SourceDate "2017.10.13"]
[SourceVersion "1"]
[SourceVersionDate "2017.10.13"]
[SourceQuality "1"]

1. d4 d5 2. Nf3 Nf6 3. c4 c6 4. Qc2 a6 5. Bf4 Nh5 6. Bd2 g6 7. e4 dxe4 8. Qxe4 Bg7 9. Bc3 0-0 10. Be2 Bf5 11. Qe3 Nf6 12. Nbd2 Ng4 13. Qf4 Qd6 14. Qxd6 exd6 15. 0-0 h5 16. Rfe1 Nf6 17. Bf1 Nbd7 18. Nh4 Be6 19. Nxg6 Rfe8 20. Nh4 b5 21. b3 d5 22. cxb5 axb5 23. a4 bxa4 24. Rxa4 Rxa4 25. bxa4 Nb6 26. a5 Nc4 27. Nhf3 Nd6 28. Ne5 Nfe4 29. Nxe4 Nxe4 30. Bb4 c5 31. f3 cxb4 32. fxe4 dxe4 33. Rxe4 Bd5 34. Re2 b3 35. a6 f6 36. Nd3 Rxe2 37. Bxe2 f5 38. Ne5 b2 39. Bd3 Bxe5 40. dxe5 f4 41. Kf2 h4 42. g3 hxg3+ 43. hxg3 f3 44. g4 Kg7 45. g5 Kf7 46. Bf5 Bc6 47. a7 Bd5 48. g6+ Kf8 49. Ke3 Ba8 50. Kd2 Ke7 51. Kc2 f2 52. Bh3 1-0

[Event "Blankenburg op-A 18th"]
[Site "Blankenburg"]
[Date "2013.10.05"]
[Round "5"]
[White "Bauer, Burkhardt"]
[Black "Homburg, David"]
[Result "0-1"]
[WhiteElo "2123"]
[BlackElo "2021"]
[PlyCount "86"]
[EventDate "2013.10.03"]
[EventType "swiss"]
[EventRounds "7"]
[EventCountry "GER"]
[SourceTitle "EXT 2015"]
[Source "ChessBase"]
[SourceDate "2014.11.20"]
[SourceVersion "1"]
[SourceVersionDate "2014.11.20"]
[SourceQuality "1"]

1. Nf3 Nf6 2. c4 b6 3. g3 Ba6 4. d3 e6 5. Bg2 Be7 6. 0-0 c6 7. Nbd2 0-0 8. b3 d5 9. Bb2 Bb7 10. e4 c5 11. Qe2 d4 12. Ne5 Nfd7 13. Nxd7 Nxd7 14. f4 e5 15. Nf3 Bd6 16. Bc1 Qe7 17. Nh4 Qd8 18. Nf5 Nf6 19. Nxd6 Qxd6 20. f5 Nd7 21. g4 f6 22. h4 Kf7 23. Bd2 Ke7 24. Bf3 Bc6 25. Kh1 h6 26. g5 hxg5 27. hxg5 Rh8+ 28. Kg2 Kd8 29. Rh1 Kc7 30. Bh5 fxg5 31. Bxg5 Nf6 32. Bf3 Nh7 33. Bh4 g6 34. fxg6 Qxg6+ 35. Kf2 Raf8 36. Rag1 Qf7 37. Rg3 Bd7 38. Rhg1 Qh5 39. Rh1 Kb7 40. Bf6 Qxh1 41. Bxh1 Nxf6 42. Kg1 Nh5 43. Rg5 Nf4 0-1

[Event "Blankenburg op-A 18th"]
[Site "Blankenburg"]
[Date "2013.10.05"]
[Round "6"]
[White "Kalliwoda, Enrico"]
[Black "Bauer, Burkhardt"]
[Result "1/2-1/2"]
[WhiteElo "1873"]
[BlackElo "2123"]
[PlyCount "49"]
[EventDate "2013.10.03"]
[EventType "swiss"]
[EventRounds "7"]
[EventCountry "GER"]
[SourceTitle "EXT 2015"]
[Source "ChessBase"]
[SourceDate "2014.11.20"]
[SourceVersion "1"]
[SourceVersionDate "2014.11.20"]
[SourceQuality "1"]

1. e4 c5 2. Nf3 b6 3. b3 Bb7 4. Bc4 e6 5. Nc3 a6 6. a4 d5 7. exd5 exd5 8. Be2 d4 9. Nb1 Nf6 10. 0-0 Be7 11. Re1 0-0 12. Bd3 Nc6 13. c3 Re8 14. Bb2 dxc3 15. dxc3 Qc7 16. Qc2 Rad8 17. Nbd2 h6 18. h3 Nd5 19. Nc4 Bf6 20. Re4 Nf4 21. Rae1 Ne7 22. R4e3 Nxd3 23. Rxd3 Ng6 24. Rxe8+ Rxe8 25. Nd6 1/2-1/2

[Event "Blankenburg op-A 18th"]
[Site "Blankenburg"]
[Date "2013.10.03"]
[Round "1"]
[White "Fahsel, Nico"]
[Black "Bauer, Burkhardt"]
[Result "0-1"]
[WhiteElo "1766"]
[BlackElo "2123"]
[PlyCount "64"]
[EventDate "2013.10.03"]
[EventType "swiss"]
[EventRounds "7"]
[EventCountry "GER"]
[SourceTitle "EXT 2015"]
[Source "ChessBase"]
[SourceDate "2014.11.20"]
[SourceVersion "1"]
[SourceVersionDate "2014.11.20"]
[SourceQuality "1"]

1. e4 c5 2. Nf3 Nc6 3. d4 cxd4 4. Nxd4 e6 5. Be3 a6 6. Be2 Qc7 7. 0-0 Nf6 8. Nd2 d5 9. Nxc6 bxc6 10. exd5 cxd5 11. c4 Bd6 12. h3 0-0 13. Rc1 Qe7 14. Nf3 Rb8 15. c5 Bc7 16. Qc2 e5 17. Bg5 e4 18. Ne1 Qe5 19. f4 Qd4+ 20. Kh1 Rxb2 21. Qd1 Qxd1 22. Bxd1 d4 23. Bb3 d3 24. Rc4 Re8 25. Rb4 Kf8 26. f5 Re2 27. Bc4 Nh5 28. Bh4 Bg3 29. Bxg3 Nxg3+ 30. Kg1 Nxf1 31. Kxf1 a5 32. Ra4 Rb2 0-1

[Event "Leipzig VfB op 20th"]
[Site "Leipzig"]
[Date "2013.03.09"]
[Round "8"]
[White "Doberitz, Paul"]
[Black "Bauer, Burkhardt"]
[Result "1-0"]
[WhiteElo "2218"]
[BlackElo "2118"]
[PlyCount "69"]
[EventDate "2013.03.05"]
[EventType "swiss"]
[EventRounds "9"]
[EventCountry "GER"]
[SourceTitle "EXT 2014"]
[Source "ChessBase"]
[SourceDate "2013.11.20"]
[SourceVersion "1"]
[SourceVersionDate "2013.11.20"]
[SourceQuality "1"]

1. e4 g6 2. d4 Bg7 3. Nc3 d6 4. f4 a6 5. Nf3 b5 6. a4 b4 7. Nd5 a5 8. Bc4 e6 9. Ne3 Nd7 10. 0-0 Nb6 11. Bb5+ Bd7 12. f5 c6 13. Bd3 d5 14. exd5 exf5 15. Re1 Kf8 16. c3 Nf6 17. dxc6 Bxc6 18. Ne5 Be8 19. Bd2 Nfd7 20. Nf3 bxc3 21. bxc3 Nf6 22. Bc1 Ne4 23. Bxe4 fxe4 24. Nd2 f5 25. Rf1 Kg8 26. Nxe4 Bf7 27. Nc5 h6 28. g4 fxg4 29. Rxf7 Kxf7 30. Qb3+ Ke8 31. Ne6 Qe7 32. Ba3 Qa7 33. Nxg7+ Qxg7 34. Qxb6 Qd7 35. Nc4 1-0

[Event "Leipzig VfB op 20th"]
[Site "Leipzig"]
[Date "2013.03.07"]
[Round "5"]
[White "Bauer, Burkhardt"]
[Black "Barisch, Florian"]
[Result "1-0"]
[WhiteElo "2118"]
[BlackElo "1958"]
[PlyCount "89"]
[EventDate "2013.03.05"]
[EventType "swiss"]
[EventRounds "9"]
[EventCountry "GER"]
[SourceTitle "EXT 2014"]
[Source "ChessBase"]
[SourceDate "2013.11.20"]
[SourceVersion "1"]
[SourceVersionDate "2013.11.20"]
[SourceQuality "1"]

1. Nf3 d5 2. e3 Nf6 3. b3 Bf5 4. Bb2 e6 5. Be2 h6 6. 0-0 Nbd7 7. d3 c5 8. Nbd2 Be7 9. Qe1 0-0 10. Bd1 Bg4 11. h3 Bh5 12. e4 d4 13. a4 Bxf3 14. Bxf3 e5 15. g3 Bd6 16. Nc4 Nb6 17. Na3 Qd7 18. Bg2 Qe7 19. Bc1 Rfe8 20. Bd2 Rac8 21. Nb5 Ra8 22. f4 Nbd7 23. f5 Nh7 24. Kh2 Nb8 25. Qf2 f6 26. Bf3 Qd7 27. Nxd6 Qxd6 28. Bh5 Re7 29. h4 Nc6 30. Rg1 Nd8 31. Rg2 Nf7 32. Rag1 Kh8 33. g4 Rg8 34. Qe2 Qd8 35. Kh3 Rd7 36. Bxf7 Rxf7 37. g5 fxg5 38. hxg5 Rff8 39. g6 Rf6 40. gxh7 Kxh7 41. Be1 Qd7 42. Kh2 Kh8 43. Bh4 Qc6 44. Bxf6 Qxf6 45. Qh5 1-0

[Event "Leipzig VfB op 20th"]
[Site "Leipzig"]
[Date "2013.03.05"]
[Round "1"]
[White "Bauer, Burkhardt"]
[Black "Ditz, Roland"]
[Result "1-0"]
[WhiteElo "2118"]
[BlackElo "1767"]
[PlyCount "53"]
[EventDate "2013.03.05"]
[EventType "swiss"]
[EventRounds "9"]
[EventCountry "GER"]
[SourceTitle "EXT 2014"]
[Source "ChessBase"]
[SourceDate "2013.11.20"]
[SourceVersion "1"]
[SourceVersionDate "2013.11.20"]
[SourceQuality "1"]

1. Nf3 d6 2. d4 Nf6 3. g3 b6 4. Bg2 Bb7 5. 0-0 Nbd7 6. c4 e6 7. Nc3 d5 8. Ne5 c6 9. Bf4 Nxe5 10. dxe5 Nd7 11. cxd5 exd5 12. e4 g5 13. exd5 cxd5 14. Bc1 Nxe5 15. Re1 Bd6 16. Qh5 Kd7 17. Bxg5 f6 18. Qh3+ Kc7 19. Nb5+ Kb8 20. Qe6 fxg5 21. Nxd6 Nd3 22. Nxb7 Qf8 23. Re2 Kxb7 24. Qxd5+ Kc7 25. Qxd3 Rd8 26. Qc3+ Qc5 27. Qg7+ 1-0

[Event "Rostock  PSV op 04th"]
[Site "Rostock"]
[Date "2004.08.28"]
[Round "6"]
[White "Hornych, Christoph"]
[Black "Bauer, Burkhardt"]
[Result "1-0"]
[WhiteElo "2157"]
[BlackElo "1977"]
[PlyCount "93"]
[EventDate "2004.08.26"]
[EventType "swiss"]
[EventRounds "7"]
[EventCountry "GER"]
[SourceTitle "EXT 2007"]
[Source "ChessBase"]
[SourceDate "2006.11.23"]
[SourceVersion "1"]
[SourceVersionDate "2006.11.23"]
[SourceQuality "1"]

1. e4 c5 2. Nf3 Nc6 3. d4 cxd4 4. Nxd4 Nf6 5. Nc3 e5 6. Ndb5 d6 7. Nd5 Nxd5 8. exd5 Ne7 9. c4 Ng6 10. Be2 Be7 11. 0-0 0-0 12. Be3 a6 13. Nc3 Bg5 14. Qd2 Bxe3 15. fxe3 f5 16. b4 Bd7 17. Kh1 Qh4 18. Rac1 Rac8 19. Nd1 f4 20. e4 Bg4 21. Bf3 Qh5 22. Bxg4 Qxg4 23. Nf2 Qg5 24. Nh3 Qh5 25. Ng1 Nh4 26. Nf3 g5 27. c5 g4 28. Ng1 Qh6 29. cxd6 Rxc1 30. Qxc1 Qxd6 31. Qc5 Qf6 32. Qf2 Ng6 33. Rd1 Rd8 34. Rd3 h5 35. Qc5 Nf8 36. Rc3 Rd7 37. a4 h4 38. a5 Rg7 39. h3 gxh3 40. Rxh3 Qg6 41. Qc2 Nd7 42. Nf3 Qd6 43. Nxh4 Rh7 44. Qc8+ Kf7 45. Nf5 Rxh3+ 46. gxh3 Qxb4 47. Qxd7+ 1-0

[Event "Rostock  PSV op 04th"]
[Site "Rostock"]
[Date "2004.08.27"]
[Round "4"]
[White "Prueter, Reinhard"]
[Black "Bauer, Burkhardt"]
[Result "0-1"]
[WhiteElo "1637"]
[BlackElo "1977"]
[PlyCount "58"]
[EventDate "2004.08.26"]
[EventType "swiss"]
[EventRounds "7"]
[EventCountry "GER"]
[SourceTitle "EXT 2007"]
[Source "ChessBase"]
[SourceDate "2006.11.23"]
[SourceVersion "1"]
[SourceVersionDate "2006.11.23"]
[SourceQuality "1"]

1. e4 c5 2. Nf3 Nc6 3. Nc3 e6 4. d4 cxd4 5. Nxd4 a6 6. Be3 Qc7 7. Qd2 b5 8. a3 Bb7 9. Be2 Nf6 10. f4 Nxd4 11. Qxd4 Rc8 12. Bf3 h5 13. h3 h4 14. Rd1 Bxa3 15. Nxb5 axb5 16. bxa3 0-0 17. 0-0 d5 18. e5 Ne4 19. Bxe4 dxe4 20. Rfe1 Rfd8 21. Qb6 Qxb6 22. Bxb6 Rxd1 23. Rxd1 Rxc2 24. Be3 Re2 25. Bf2 e3 26. Rd8+ Kh7 27. Bxh4 Rxg2+ 28. Kf1 Rh2 29. Rd7 Bf3 0-1